00000000cam 2200000zi 4500
0019.962519
003CaOODSP
00520260504104521
006m     o  d f      
007cr cn|||||||||
008260504s2026    onc     ob   f000 0 fre d
020 |z9780660996585 |q(incorrect)
040 |aCaOODSP|bfre|erda|cCaOODSP
0861 |aPS83-5/SR-26-01F-PDF|zPS84-261/2026F-PDF
24500|aCe que nous savons au sujet des groupes menaçant la sécurité.
264 1|a[Ottawa] : |bService correctionnel Canada = Correctional Service Canada, |c2026.
300 |a1 ressource en ligne (1 page).
336 |atexte|btxt|2rdacontent/fre
337 |ainformatique|bc|2rdamedia/fre
338 |aressource en ligne|bcr|2rdacarrier/fre
4901 |aRecherche en un coup d'œil ; |vSR-26-01
500 |aPublié aussi en anglais sous le titre : What we know about security threat groups (STGs).
500 |aLe numéro de catalogue (PS84-261/2026F-PDF) et l'ISBN (9780660996585) imprimés dans cette publication sont incorrects.
504 |aComprend des références bibliographiques.
520 |a« Le Service correctionnel du Canada (SCC) définit un groupe menaçant la sécurité (GMS) comme tout « groupe, gang, organisation ou association de détenus/délinquants, structuré ou non structuré, comptant trois membres ou plus. » (Directive du commissaire 568-3, 2016). Les délinquantes et délinquants affiliés aux GMS peuvent poser des problèmes de gestion de la population et de sécurité opérationnelle au SCC. Le fait de comprendre divers aspects des antécédents et des caractéristiques de ces délinquantes et délinquants aide le SCC dans la mise en place de stratégies d'identification, de prévention, de gestion et de désengagement. Le rapport spécial résume des renseignements de nature générale tirés de 16 publications de recherche (soit deux rapports complets et 14 sommaires d'une page). Des infographies sont également incluses » -- Introduction.
650 6|aGangs dans les prisons|zCanada.
650 6|aGangsters|zCanada.
650 6|aPrisonniers|zCanada.
77508|tWhat we know about security threat groups (STGs).|w(CaOODSP)9.962518
830#0|aRecherche en un coup d'œil (Service correctionnel Canada)|vSR-26-01.|w(CaOODSP)9.503037
85640|qPDF|s683 Ko|uhttps://publications.gc.ca/collections/collection_2026/scc-csc/PS83-5-SR-26-01-fra.pdf